Српско срце Јоханово = (Record no. 535884)
[ view plain ]
| 000 -LEADER | |
|---|---|
| fixed length control field | 00764nam a2200217 a 4500 |
| 001 - CONTROL NUMBER | |
| control field | 2025133 |
| 003 - CONTROL NUMBER IDENTIFIER | |
| control field | AM-YEHGA |
| 005 - DATE AND TIME OF LATEST TRANSACTION | |
| control field | 20251003103046.0 |
| 008 - FIXED-LENGTH DATA ELEMENTS--GENERAL INFORMATION | |
| fixed length control field | 250715n rb |||||||||||||||1|srp|d |
| 040 ## - CATALOGING SOURCE | |
| Original cataloging agency | AM-YEHGA |
| 041 0# - LANGUAGE CODE | |
| Language code of text/sound track or separate title | srp |
| -- | eng |
| -- | rus |
| -- | fre |
| 100 1# - MAIN ENTRY--PERSONAL NAME | |
| Personal name | Џелетовић, Веселин |
| 245 10 - TITLE STATEMENT | |
| Title | Српско срце Јоханово = |
| Remainder of title | The serbian heart of Jovan = Сербское сердце Йована = Le cœur serbe de Johan / |
| Statement of responsibility, etc. | Веселин Џелетовић. |
| 246 11 - VARYING FORM OF TITLE | |
| Title proper/short title | The serbian heart of Jovan |
| 246 11 - VARYING FORM OF TITLE | |
| Title proper/short title | Сербское сердце Йована |
| 246 11 - VARYING FORM OF TITLE | |
| Title proper/short title | Le cœur serbe de Johan |
| 260 ## - PUBLICATION, DISTRIBUTION, ETC. | |
| Place of publication, distribution, etc. | [Београд] : |
| Name of publisher, distributor, etc. | Поета, |
| Date of publication, distribution, etc. | S. a. |
| 300 ## - PHYSICAL DESCRIPTION | |
| Extent | 32 p. |
| 650 14 - SUBJECT ADDED ENTRY--TOPICAL TERM | |
| Topical term or geographic name entry element | Serbian literature |
| 942 ## - ADDED ENTRY ELEMENTS (KOHA) | |
| Source of classification or shelving scheme | Universal Decimal Classification |
| Koha item type | Գրքեր / Books |
| Withdrawn status | Lost status | Damaged status | Not for loan | Collection | Home library | Current library | Date acquired | Total checkouts | Full call number | Barcode | Date last seen | Price effective from | Koha item type | Public note |
|---|---|---|---|---|---|---|---|---|---|---|---|---|---|---|
| General | Fundamental Scientific Library | Fundamental Scientific Library | 15/07/2025 | И II/118510 | FL0695713 | 15/07/2025 | 15/07/2025 | Գրքեր / Books | 30 Days Loan |
ՀՀ Գիտությունների ազգային ակադեմիայի հիմնարար գիտական գրադարան = Fundamental Scientific Library of NAS RA
All site content, except where otherwise noted, is licensed under a